<?xml version="1.0" encoding="UTF-8"?>
<record
    xmlns:xsi="http://www.w3.org/2001/XMLSchema-instance"
    xsi:schemaLocation="http://www.loc.gov/MARC21/slim http://www.loc.gov/standards/marcxml/schema/MARC21slim.xsd"
    xmlns="http://www.loc.gov/MARC21/slim">

  <leader>00427    a2200145   4500</leader>
  <controlfield tag="005">20250630082412.0</controlfield>
  <datafield tag="020" ind1=" " ind2=" ">
    <subfield code="a">13: 0-07-332981-9</subfield>
  </datafield>
  <datafield tag="082" ind1=" " ind2=" ">
    <subfield code="a">650.403 HAA</subfield>
  </datafield>
  <datafield tag="100" ind1=" " ind2=" ">
    <subfield code="a">HAAG, S.</subfield>
  </datafield>
  <datafield tag="245" ind1=" " ind2=" ">
    <subfield code="a">Busmis1060: Information Systems &amp; Business Process Design,</subfield>
  </datafield>
  <datafield tag="260" ind1=" " ind2=" ">
    <subfield code="a">New York,</subfield>
    <subfield code="b">McGraw-Hill Irwin,</subfield>
    <subfield code="c">2007.</subfield>
  </datafield>
  <datafield tag="300" ind1=" " ind2=" ">
    <subfield code="a">xxxii;637p: ill Figure, Picture, Table,</subfield>
    <subfield code="c">27cm.</subfield>
  </datafield>
  <datafield tag="700" ind1=" " ind2=" ">
    <subfield code="a">CUMMINGS, M. PHILLIPS, A.</subfield>
  </datafield>
  <datafield tag="942" ind1=" " ind2=" ">
    <subfield code="2">ddc</subfield>
    <subfield code="c">BKS</subfield>
  </datafield>
  <datafield tag="999" ind1=" " ind2=" ">
    <subfield code="c">6463</subfield>
    <subfield code="d">6463</subfield>
  </datafield>
  <datafield tag="952" ind1=" " ind2=" ">
    <subfield code="r">2025-06-30 08:25:18</subfield>
    <subfield code="l">0</subfield>
    <subfield code="o">650.403 HAA</subfield>
    <subfield code="p">DOM0002466</subfield>
    <subfield code="v">120000.00</subfield>
    <subfield code="w">2025-06-30</subfield>
    <subfield code="y">BKS</subfield>
    <subfield code="1">0</subfield>
    <subfield code="2">ddc</subfield>
    <subfield code="4">0</subfield>
    <subfield code="7">0</subfield>
    <subfield code="0">0</subfield>
    <subfield code="a">004</subfield>
    <subfield code="b">004</subfield>
    <subfield code="c">GEN</subfield>
    <subfield code="d">2015-04-26</subfield>
    <subfield code="g">40000.00</subfield>
  </datafield>
</record>
